书目信息 |
| 题名: |
营国:东汉以前华夏聚落景观规制与秩序= Design of the ancient Chinese state : the hierarchy and principles of the built environment in central China before the Eastern Han Dynasty
|
|
| 作者: | 王鲁民 著 | |
| 分册: | ||
| 出版信息: | 上海 同济大学出版社 2017.10 |
|
| 页数: | 323页 | |
| 开本: | 20cm | |
| 丛书名: | ||
| 单 册: | ||
| 中图分类: | K928.5 | |
| 科图分类: | ||
| 主题词: | 地理--中国 | |
| 电子资源: | ||
| ISBN: | 978-7-5608-7338-1 | |
| 000 | 00916nam0 2200193 450 | |
| 001 | 2131998735 | |
| 005 | 20211013085545.47 | |
| 010 | @a978-7-5608-7338-1@dCNY88.00 | |
| 100 | @a20211013d2017 km y0chiy0120 ea | |
| 101 | 0 | @achi |
| 102 | @aCN@b310000 | |
| 200 | 1 | @a营国:东汉以前华夏聚落景观规制与秩序= Design of the ancient Chinese state : the hierarchy and principles of the built environment in central China before the Eastern Han Dynasty@AYing Guo:Dong Han Yi Qian Hua Xia Ju Luo Jing Guan Gui Zhi Yu Zhi Xu=Design of the ancient Chinese state:the hierarchy and principles of the built environment in central China before the Eastern Han Dynasty@f王鲁民著@FWang Lu Min Zhu |
| 210 | @a上海@c同济大学出版社@d2017.10 | |
| 215 | @a323页@d20cm | |
| 606 | 0 | @a地理@x中国 |
| 690 | @aK928.5@v4 | |
| 701 | 0 | @a王鲁民@AWang Lu Min@4著 |
| 801 | 0 | @aCN@b大连网信软件有限公司图书馆·11@c20211013 |
| 905 | @aZUCC@dK928.5@eW264 | |
| 营国:东汉以前华夏聚落景观规制与秩序= Design of the ancient Chinese state : the hierarchy and principles of the built environment in central China before the Eastern Han Dynasty/王鲁民著.-上海:同济大学出版社,2017.10 |
| 323页;20cm |
| ISBN 978-7-5608-7338-1:CNY88.00 |
| ● |
| 相关链接 |
|
|
|
正题名:营国:东汉以前华夏聚落景观规制与秩序= De
索取号:K928.5/W264
 
预约/预借
| 序号 | 登录号 | 条形码 | 馆藏地/架位号 | 状态 | 备注 |
| 1 | 1502855 | 215028556 | 建筑与城市规划学院资料室/ [索取号:K928.5/W264] | 在馆 | |
| 2 | 1502856 | 215028565 | 建筑与城市规划学院资料室/ [索取号:K928.5/W264] | 在馆 | |
| 3 | 1502857 | 215028574 | 建筑与城市规划学院资料室/ [索取号:K928.5/W264] | 在馆 |